[Event "Clermont Ferrand"]
[Site "Clermont Ferrand"]
[Date "1989.??.??"]
[Round "?"]
[White "Sokolov, Andrei"]
[Black "Spraggett, Kevin"]
[Result "0-1"]
[WhiteElo "2595"]
[BlackElo "2585"]
[PlyCount "134"]
[EventDate "1989.07.??"]
[Source "ChessBase"]

1. e4 c6 2. d4 d5 3. Nd2 dxe4 4. Nxe4 Nf6 5. Nxf6+ gxf6 6. c3 Bf5 7. Nf3 e6 8. Be2 Qc7 9. Nh4 Bg6 10. O-O Nd7 11. Re1 O-O-O 12. Bf1 Bd6 13. g3 f5 14. Ng2 Rhg8 15. Bg5 Rde8 16. c4 f6 17. Bh6 c5 18. b4 cxd4 19. c5 Bf8 20. Bxf8 Rgxf8 21. Qxd4 Ne5 22. Be2 Kb8 23. Nf4 Nc6 24. Qc3 e5 25. Nd5 Qd8 26. Bc4 Nd4 27. Kf1 Bf7 28. Ne3 Bxc4+ 29. Qxc4 f4 30. gxf4 Qd7 31. f5 Rd8 32. c6 Nxc6 33. Qe4 Nd4 34. Kg2 Qb5 35. Kh1 Rg8 36. Rab1 Nc6 37. Qc4 Qxc4 38. Nxc4 Rd4 39. Ne3 Nxb4 40. Re2 Nd3 41. Rg1 Rxg1+ 42. Kxg1 Nf4 43. Rc2 Rd3 44. h4 h5 45. Kh2 Nd5 46. Nf1 Rd4 47. Kh3 Rg4 48. f3 Nf4+ 49. Kh2 Rxh4+ 50. Kg3 Rh1 51. Kf2 Nh3+ 52. Kg2 Rg1+ 53. Kxh3 Rxf1 54. Kg2 Rd1 55. f4 exf4 56. Kf3 Rd8 57. Rh2 Rh8 58. Rh4 Kc7 59. Kxf4 Kd6 60. Ke4 b5 61. Kd4 Rc8 62. Rxh5 Rc4+ 63. Kd3 Ra4 64. Rh8 Ke5 65. Rc8 Ra3+ 66. Kc2 Rxa2+ 67. Kb3 Rd2 0-1

[Event "Titograd"]
[Site "Titograd"]
[Date "1984.??.??"]
[Round "9"]
[White "Popovic, Petar"]
[Black "Korchnoi, Viktor L"]
[Result "1/2-1/2"]
[WhiteElo "2515"]
[BlackElo "2635"]
[PlyCount "135"]
[EventDate "1984.12.??"]
[Source "www.chesslib.no"]
[SourceDate "2004.05.04"]

1. e4 c6 2. d4 d5 3. Nd2 dxe4 4. Nxe4 Nf6 5. Nxf6+ gxf6 6. c3 Bf5 7. Nf3 Nd7 8. g3 Nb6 9. Bg2 Qd7 10. O-O Bh3 11. Bxh3 Qxh3 12. a4 Qh5 13. a5 Nc4 14. b3 Nd6 15. c4 e6 16. Ba3 Rd8 17. a6 b6 18. Qe2 Be7 19. Rfe1 O-O 20. Bb2 Rfe8 21. Kg2 Bf8 22. h3 f5 23. Ne5 Qxe2 24. Rxe2 Rc8 25. f3 Red8 26. g4 Bg7 27. Rf1 b5 28. c5 Ne8 29. gxf5 exf5 30. Kh2 Kf8 31. Rg1 Bh6 32. Nd3 Nc7 33. Reg2 Ke7 34. Re1+ Kf8 35. Reg1 Be3 36. Re1 Bxd4 37. Bc1 Bg7 38. Nf4 Bc3 39. Reg1 Ke7 40. Re2+ Ne6 41. Rg5 Rd1 42. Nxe6 fxe6 43. Bf4 Kf6 44. Rh5 e5 45. Rh6+ Kg7 46. Bg5 e4 47. fxe4 Be5+ 48. Kg2 f4 49. Re6 Rd3 50. Kf1 Bd4 51. Rd6 Rf3+ 52. Ke1 Bxc5 53. Rd7+ Kg6 54. Be7 Bxe7 55. Rxe7 Rxb3 56. Rg2+ Rg3 57. Kf2 Kf6 58. Rxa7 Rcg8 59. Rxg3 fxg3+ 60. Kg2 Ke5 61. Rxh7 Kxe4 62. a7 Kd4 63. Rb7 Ra8 64. Kxg3 c5 65. Rxb5 Rxa7 66. Kf2 Re7 67. Kf3 Re5 68. h4 1/2-1/2

[Event "TCh-CZE 2002-3"]
[Site "Czech Rep"]
[Date "2003.02.15"]
[Round "6"]
[White "Ftacnik, Lubomir"]
[Black "Jakubiec, Artur"]
[Result "0-1"]
[WhiteElo "2616"]
[BlackElo "2532"]
[PlyCount "70"]
[EventDate "2003.01.01"]
[Source "Roberto Alvarez"]
[SourceDate "2003.04.28"]

1. e4 c6 2. d4 d5 3. Nc3 dxe4 4. Nxe4 Nf6 5. Nxf6+ gxf6 6. c3 Nd7 7. Be3 Nb6 8. Bd3 Qd5 9. Qf3 Qxf3 10. Nxf3 Bg4 11. Nh4 e6 12. f3 Bh5 13. Ke2 Nd5 14. Bd2 O-O-O 15. Rad1 Bg6 16. Nxg6 hxg6 17. g3 Bh6 18. f4 g5 19. fxg5 Bxg5 20. c4 Bxd2 21. Rxd2 Ne7 22. Be4 f5 23. Bf3 f4 24. gxf4 Rh4 25. d5 Rxf4 26. Rf1 Rh4 27. Rf2 Rxc4 28. dxe6 fxe6 29. h3 Nf5 30. Bg4 Rf8 31. Kd3 Rc5 32. Rc2 Rd8+ 33. Ke4 Rd4+ 34. Kf3 Rxc2 35. Rxc2 Rxg4 0-1

[Event "Ponferrada Open"]
[Site "Ponferrada"]
[Date "1992.??.??"]
[Round "?"]
[White "Morovic Fernandez, Ivan E"]
[Black "Campora, Daniel H"]
[Result "0-1"]
[WhiteElo "2565"]
[BlackElo "2550"]
[PlyCount "83"]
[EventDate "1992.08.??"]
[Source "www.chesslib.no"]
[SourceDate "2004.05.04"]

1. e4 c6 2. d4 d5 3. Nc3 dxe4 4. Nxe4 Nf6 5. Nxf6+ gxf6 6. c3 Bf5 7. Nf3 Nd7 8. g3 Nb6 9. Bg2 Qd7 10. O-O Bh3 11. a4 Bxg2 12. Kxg2 h5 13. h4 Bh6 14. c4 O-O-O 15. Qe2 Kb8 16. Bxh6 Rxh6 17. Rad1 Rg6 18. a5 Nc8 19. d5 Rdg8 20. a6 bxa6 21. Nd4 cxd5 22. cxd5 Qxd5+ 23. Kh2 Rg4 24. Qf3 Qxf3 25. Nxf3 Rb4 26. Rd5 e5 27. Rd7 Rxb2 28. Rxf7 Nd6 29. Rxf6 Ne4 30. Rf5 Nxf2 31. Ng5 Ng4+ 32. Kg1 Rc8 33. Ne6 Rcc2 34. Rf8+ Kb7 35. R1f7+ Kc6 36. Rc8+ Kd5 37. Rxc2 Rxc2 38. Ng5 e4 39. Rd7+ Kc6 40. Rxa7 Kb6 41. Re7 e3 42. Nh3 0-1

[Event "Titograd"]
[Site "Titograd"]
[Date "1984.??.??"]
[Round "?"]
[White "Zapata, Alonso"]
[Black "Korchnoi, Viktor L"]
[Result "1/2-1/2"]
[WhiteElo "2470"]
[BlackElo "2635"]
[PlyCount "84"]
[EventDate "1984.12.??"]
[Source "www.chesslib.no"]
[SourceDate "2004.05.04"]

1. e4 c6 2. d4 d5 3. Nd2 dxe4 4. Nxe4 Nf6 5. Nxf6+ gxf6 6. Nf3 Bf5 7. g3 Qd5 8. c3 Nd7 9. Bg2 Qe4+ 10. Be3 Qd3 11. Qxd3 Bxd3 12. O-O-O Be4 13. Rhe1 e6 14. Bf4 Bd5 15. b3 b5 16. Kb2 O-O-O 17. Re3 Nb8 18. Bf1 Bg7 19. Nd2 e5 20. dxe5 fxe5 21. Bxe5 Bxe5 22. Rxe5 Bf3 23. Be2 Bxe2 24. Rxe2 Rd5 25. Rde1 Rhd8 26. Kc2 c5 27. Nf3 Rf5 28. Ne5 Rf6 29. f4 Na6 30. Kb2 Nc7 31. Nf3 Kb7 32. Rd2 Rxd2+ 33. Nxd2 Kb8 34. Nf3 Rd6 35. Kc2 Nd5 36. Ng5 Rh6 37. Re2 f5 38. Re6 Rxe6 39. Nxe6 c4 40. Kd2 cxb3 41. axb3 a5 42. Nd4 Ne7 1/2-1/2

[Event "Titograd"]
[Site "Titograd"]
[Date "1984.??.??"]
[Round "?"]
[White "Zapata, Alonso"]
[Black "Kortschnoj, Viktor"]
[Result "1/2-1/2"]
[WhiteElo "2470"]
[BlackElo "2635"]
[PlyCount "157"]
[EventDate "1984.12.??"]
[Source "ChessBase"]

1. e4 c6 2. Nc3 d5 3. Nf3 dxe4 4. Nxe4 Nf6 5. Nxf6+ gxf6 6. d4 Bf5 7. g3 Qd5 8. c3 Nd7 9. Bg2 Qe4+ 10. Be3 Qd3 11. Qxd3 Bxd3 12. O-O-O Be4 13. Rhe1 e6 14. Bf4 Bd5 15. b3 b5 16. Kb2 O-O-O 17. Re3 Nb6 18. Bf1 Bg7 19. Nd2 e5 20. dxe5 fxe5 21. Bxe5 Bxe5 22. Rxe5 Bf3 23. Be2 Bxe2 24. Rxe2 Rd5 25. Rde1 Rhd8 26. Kc2 c5 27. Nf3 Rf5 28. Ne5 Rf6 29. f4 Nd5 30. Kb2 Nc7 31. Nf3 Kb7 32. Rd2 Rxd2+ 33. Nxd2 Kb6 34. Nf3 Rd6 35. Kc2 Nd5 36. Ng5 Rh6 37. Re2 f5 38. Re6+ Rxe6 39. Nxe6 c4 40. Kd2 cxb3 41. axb3 a5 42. Nd4 Ne7 43. b4 axb4 44. cxb4 Nd5 45. Nc2 Kc7 46. Kd3 Kd6 47. Kd4 h5 48. Ne3 Ne7 49. Kd3 Kc7 50. Kc3 Kd6 51. Kb3 Ke6 52. Nc2 Nc6 53. Kc3 Kd5 54. Kd3 Kd6 55. h3 Kd5 56. Ne3+ Ke6 57. Kc3 Ne7 58. Nc2 Kd5 59. Kd3 Nc6 60. Ne3+ Ke6 61. Kc3 Ne7 62. Kd4 Kd6 63. Nc2 Nd5 64. h4 Ne7 65. Kd3 Nc6 66. Nd4 Nxb4+ 67. Kd2 Kc5 68. Nxf5 Nd5 69. Kd3 b4 70. Nd4 Nf6 71. Nb3+ Kd5 72. Nd2 Nd7 73. Nb3 Nc5+ 74. Nxc5 Kxc5 75. Kc2 Kc4 76. Kb2 Kd5 77. Kb3 Kc5 78. Kc2 Kc4 79. Kb2 1/2-1/2

[Event "Tbilisi sim m"]
[Site "Tbilisi GEO"]
[Date "1982.??.??"]
[Round "?"]
[White "Tal, Mikhail N"]
[Black "Bronstein, David I"]
[Result "1-0"]
[WhiteElo "2605"]
[BlackElo "2495"]
[PlyCount "38"]
[EventDate "1982.??.??"]
[Source "www.chesslib.no"]
[SourceDate "2004.05.04"]

1. e4 c6 2. d4 d5 3. Nc3 dxe4 4. Nxe4 Nf6 5. Nxf6+ gxf6 6. c3 Bf5 7. Nf3 Qc7 8. g3 Nd7 9. Bg2 O-O-O 10. O-O e6 11. Qe2 Bd6 12. c4 c5 13. b4 cxb4 14. c5 Be7 15. Nh4 Bg6 16. Nxg6 hxg6 17. Rb1 Nb8 18. Bf4 Qd7 19. Bxb8 Kxb8 1-0

[Event "32nd olm Yerevan ARM"]
[Site "?"]
[Date "1996.??.??"]
[Round "?"]
[White "Spangenberg, H."]
[Black "Spraggett, K."]
[Result "1-0"]
[WhiteElo "2555"]
[BlackElo "2530"]
[PlyCount "67"]
[EventDate "1996.??.??"]
[Source "www.chesslib.no"]
[SourceDate "2004.05.04"]

1. e4 c6 2. d4 d5 3. Nd2 dxe4 4. Nxe4 Nf6 5. Nxf6+ gxf6 6. c3 Qc7 7. g3 h5 8. Nf3 Bg4 9. h3 Bxf3 10. Qxf3 h4 11. Bf4 Qa5 12. Bc4 hxg3 13. fxg3 Nd7 14. O-O-O Nb6 15. Bb3 Qb5 16. d5 cxd5 17. Bc7 Bh6+ 18. Kb1 Nc4 19. Rxd5 Qc6 20. Bxc4 Qxc4 21. Ba5 e6 22. Rd4 Qc6 23. Qd1 f5 24. Re1 b6 25. Bb4 Bf8 26. Bxf8 Kxf8 27. g4 fxg4 28. Qxg4 Rg8 29. Qh4 Ke8 30. Red1 Qc7 31. Qh7 Rf8 32. Qd3 Rc8 33. Qb5+ Qc6 34. Rd8+ 1-0

[Event "World Op"]
[Site "World Op"]
[Date "1987.??.??"]
[Round "5"]
[White "De Firmian, Nick E"]
[Black "Seirawan, Yasser"]
[Result "1/2-1/2"]
[WhiteElo "2485"]
[BlackElo "2595"]
[PlyCount "132"]
[EventDate "1987.??.??"]
[Source "www.chesslib.no"]
[SourceDate "2004.05.04"]

1. e4 c6 2. d4 d5 3. Nd2 dxe4 4. Nxe4 Nf6 5. Nxf6+ gxf6 6. c3 Bf5 7. Nf3 Nd7 8. g3 Bg7 9. Bg2 e6 10. O-O O-O 11. Be3 Nb6 12. Qc1 Nd5 13. Bh6 Bg6 14. Bxg7 Kxg7 15. c4 Ne7 16. Qc3 Qb6 17. Rad1 a5 18. a3 a4 19. Nh4 Rfd8 20. Nxg6 hxg6 21. Rd3 Qa5 22. Rfd1 b5 23. cxb5 Qxb5 24. R3d2 Ra7 25. Rc1 Rd6 26. Qc4 Qa5 27. Rc3 Rad7 28. Rcd3 Qb5 29. Qxb5 cxb5 30. Kf1 Ng8 31. d5 Ne7 32. Ke2 exd5 33. Rc2 d4 34. Rc5 Re6+ 35. Kd1 Re5 36. Rc2 Nf5 37. Bf3 Rde7 38. Be2 Rd5 39. Rcd2 Rc5 40. Bg4 Rce5 41. Be2 Rc7 42. Bg4 Rc4 43. Bxf5 Rxf5 44. Ke2 Rd5 45. b3 Re5+ 46. Kf3 axb3 47. Rxb3 f5 48. Rdb2 Rcc5 49. Rd3 Re4 50. Rb4 Rc2 51. Kg2 Ree2 52. Rf3 d3 53. Rxb5 d2 54. Rd5 Kf6 55. h4 Ke6 56. Rd8 f6 57. a4 g5 58. hxg5 fxg5 59. a5 g4 60. Rf4 Ra2 61. a6 Re4 62. a7 Rxf4 63. gxf4 Rxa7 64. Rxd2 Ra3 65. Rd4 Rf3 66. Ra4 Kd6 1/2-1/2

[Event "ESP Team Ch"]
[Site "Oropesa del Mar ESP"]
[Date "1996.??.??"]
[Round "7"]
[White "Strikovic, Aleksa"]
[Black "Spraggett, Kevin B"]
[Result "0-1"]
[WhiteElo "2520"]
[BlackElo "2545"]
[PlyCount "84"]
[EventDate "1996.??.??"]
[Source "www.chesslib.no"]
[SourceDate "2004.05.04"]

1. e4 c6 2. Nc3 d5 3. Nf3 dxe4 4. Nxe4 Nf6 5. Nxf6+ gxf6 6. d4 Bg4 7. Be2 Qc7 8. Nh4 Bxe2 9. Qxe2 Nd7 10. Bd2 e6 11. O-O-O O-O-O 12. Kb1 b5 13. g3 Nb6 14. Ba5 f5 15. d5 cxd5 16. Qxb5 Bg7 17. Nf3 Kb7 18. Rd3 Rc8 19. Bc3 Ka8 20. Rc1 Bxc3 21. Rxc3 Nc4 22. Qa6 Rhd8 23. Ka1 Rd6 24. Qa4 d4 25. Rb3 Rd5 26. Qb4 e5 27. Nd2 Na5 28. Rd3 Nc6 29. Qc4 Qd7 30. Ra3 e4 31. Qa6 Nb4 32. Qa4 Qxa4 33. Rxa4 Nd3 34. Rf1 Rxc2 35. Nb3 Rxf2 36. Rxf2 Nxf2 37. Rxd4 Rxd4 38. Nxd4 Ng4 39. h3 Nf2 40. h4 e3 41. Kb1 Nh1 42. Ne2 Nxg3 0-1

[Event "Yerevan ol (Men)"]
[Site "Yerevan"]
[Date "1996.??.??"]
[Round "2"]
[White "Kveinys, Aloyzas"]
[Black "Spraggett, Kevin"]
[Result "1/2-1/2"]
[WhiteElo "2530"]
[BlackElo "2530"]
[PlyCount "42"]
[EventDate "1996.09.??"]
[Source "www.chesslib.no"]
[SourceDate "2004.05.04"]

1. e4 c6 2. d4 d5 3. Nd2 dxe4 4. Nxe4 Nf6 5. Nxf6+ gxf6 6. Be2 Bf5 7. Bf3 e6 8. Ne2 Bd6 9. Ng3 Bg6 10. Ne4 Bxe4 11. Bxe4 Nd7 12. Qe2 Qc7 13. Bf3 O-O-O 14. g3 Rde8 15. Bd2 e5 16. d5 e4 17. Bh5 cxd5 18. Bxf7 Ne5 19. Bxe8 Nf3+ 20. Kf1 Rxe8 21. c3 Qd7 1/2-1/2

[Event "4 Open"]
[Site "Lido Estensi"]
[Date "2003.06.14"]
[Round "8"]
[White "Pavlovic, Milos"]
[Black "Efimov, Igor"]
[Result "0-1"]
[WhiteElo "2570"]
[BlackElo "2477"]
[PlyCount "76"]
[EventDate "2003.06.06"]
[Source "Roberto Alvarez"]
[SourceDate "2003.06.23"]

1. e4 c6 2. d4 d5 3. Nd2 dxe4 4. Nxe4 Nf6 5. Nxf6+ gxf6 6. c3 Qd5 7. Be3 Bf5 8. Ne2 Nd7 9. Nf4 Qd6 10. Bd3 Bg6 11. Ne2 O-O-O 12. O-O Ne5 13. dxe5 Qxd3 14. exf6 Qc4 15. Nd4 exf6 16. Qg4+ f5 17. Qh3 c5 18. b3 Qa6 19. Nf3 Bd6 20. Rfd1 Qc6 21. b4 b6 22. a4 Bc7 23. bxc5 bxc5 24. Qh4 Rhg8 25. Rxd8+ Bxd8 26. Qc4 Bh5 27. Ne1 Be7 28. Rb1 Rg4 29. Qb3 Bd6 30. f4 Qe4 31. c4 Rg6 32. Bf2 Be2 33. Qb2 Bxf4 34. Qh8+ Kd7 35. Rb5 Bd6 36. Rb3 f4 37. Rh3 Bxc4 38. Rxh7 Qe2 0-1

[Event "It Open"]
[Site "?"]
[Date "2001.??.??"]
[Round "5"]
[White "Eliseev Alexei"]
[Black "Fominyh Alexander"]
[Result "1/2-1/2"]
[WhiteElo "2454"]
[BlackElo "2582"]
[PlyCount "146"]
[EventDate "2001.??.??"]
[Source "www.chesslib.no"]
[SourceDate "2004.05.04"]

1. e4 c6 2. d4 d5 3. Nd2 dxe4 4. Nxe4 Nf6 5. Nxf6+ gxf6 6. c3 h5 7. Bc4 Nd7 8. h4 Qa5 9. Qb3 Rh7 10. Qc2 Rh8 11. Ne2 Nb6 12. Bd3 Bg4 13. Bd2 Bxe2 14. Bxe2 Qd5 15. Bf3 Qe6+ 16. Qe4 Qxe4+ 17. Bxe4 e6 18. a4 a5 19. Ke2 Bh6 20. Bxh6 Rxh6 21. Rh3 f5 22. Bf3 Nc4 23. Rg3 Ke7 24. Rg5 Rah8 25. Rb1 R6h7 26. Kd3 Nd6 27. Re1 f6 28. Rg3 Rd8 29. Kc2 Rc8 30. Kb1 f4 31. Rh3 Kd7 32. Bd1 Rg8 33. Bf3 Re7 34. Rh2 Rh8 35. Bd1 Rh6 36. Rhh1 Rg7 37. Bf3 Re7 38. Re2 Rh8 39. Kc2 b6 40. Kd3 Ree8 41. b4 Re7 42. Rb1 Kc7 43. bxa5 bxa5 44. c4 Rd8 45. Reb2 Kd7 46. Bxh5 Rc8 47. Bg6 c5 48. Rb8 Rc7 49. h5 cxd4 50. c5 Rxc5 51. h6 Nf7 52. Bxf7 Rxf7 53. Rh1 Rh7 54. Kxd4 Rc7 55. Ra8 Ke7 56. Rxa5 Kf7 57. Rc5 Ra7 58. a5 Kg6 59. Ke4 e5 60. Rb5 Kg5 61. Kd5 Rad7+ 62. Kc5 Rc7+ 63. Kb4 Rc2 64. a6 Rb2+ 65. Kc5 Rxf2 66. Rb7 Rxh6 67. Ra1 Rc2+ 68. Kd5 Rh8 69. a7 Rcc8 70. Ke4 Rc4+ 71. Kd5 Rcc8 72. Ke4 Rc4+ 73. Kd5 Rcc8 1/2-1/2

[Event "Villa Gesell"]
[Site "Villa Gesell"]
[Date "1996.??.??"]
[Round "10"]
[White "Milos, Gilberto"]
[Black "Soppe, Guillermo"]
[Result "1/2-1/2"]
[WhiteElo "2565"]
[BlackElo "2465"]
[PlyCount "78"]
[EventDate "1996.03.??"]
[Source "ChessBase"]

1. e4 c6 2. d4 d5 3. Nd2 dxe4 4. Nxe4 Nf6 5. Nxf6+ gxf6 6. Nf3 Bg4 7. Be2 Qc7 8. Nd2 Bf5 9. Bg4 Bg6 10. Nb3 Nd7 11. O-O e6 12. c4 f5 13. Bf3 Bg7 14. Bd2 a5 15. a4 O-O 16. Bc3 Nf6 17. Qe1 b6 18. c5 Ne4 19. Bxe4 fxe4 20. cxb6 Qxb6 21. Ra3 Qa6 22. Bxa5 c5 23. Bc3 cxd4 24. Nxd4 e5 25. Nb5 Rfc8 26. Kh1 f5 27. f3 Qc6 28. Ra1 f4 29. fxe4 Bxe4 30. Qf2 Rd8 31. Rfe1 f3 32. Qe3 fxg2+ 33. Kg1 Bg6 34. Bxe5 Rd3 35. Qc1 Qb6+ 36. Kxg2 Qb7+ 37. Kg1 Qb6+ 38. Kh1 Qb7+ 39. Kg1 Qb6+ 1/2-1/2

[Event "It (Open) INT"]
[Site "?"]
[Date "2006.05.06"]
[Round "?"]
[White "Shorokhov Alexandr"]
[Black "Berdichevski Igor"]
[Result "0-1"]
[WhiteElo "2471"]
[BlackElo "2555"]
[PlyCount "58"]
[EventDate "2006.??.??"]
[Source "www.chesslib.no"]
[SourceDate "2004.05.04"]

1. e4 c6 2. d4 d5 3. Nc3 dxe4 4. Nxe4 Nf6 5. Nxf6+ gxf6 6. Be3 h5 7. Qd2 h4 8. O-O-O h3 9. Nxh3 Bxh3 10. gxh3 Qd5 11. Rg1 Qxa2 12. Qc3 e6 13. Bc4 Qa1+ 14. Kd2 Qa4 15. Ke2 Qb4 16. Qd3 Nd7 17. c3 Qa5 18. b4 Qh5+ 19. Kd2 O-O-O 20. b5 Ne5 21. Qe2 Nxc4+ 22. Qxc4 Qxb5 23. Qa2 a6 24. Rb1 Qd5 25. Rb3 e5 26. Rgb1 exd4 27. cxd4 Bc5 28. Kc1 Bxd4 29. Bxd4 Qxd4 0-1

[Event "Vrsac"]
[Site "Vrsac"]
[Date "1981.??.??"]
[Round "15"]
[White "Matulovic, Milan"]
[Black "Chandler, Murray G"]
[Result "1/2-1/2"]
[WhiteElo "2495"]
[BlackElo "2530"]
[PlyCount "41"]
[EventDate "1981.09.??"]
[Source "ChessBase"]

1. e4 c6 2. d4 d5 3. Nd2 dxe4 4. Nxe4 Nf6 5. Nxf6+ gxf6 6. Qd3 Na6 7. a3 Bg4 8. Be2 Qd7 9. Be3 Nc7 10. Nf3 h5 11. c4 Bh6 12. Bxh6 Rxh6 13. Qe3 Rg6 14. h3 Be6 15. Nh4 Rg8 16. f4 O-O-O 17. O-O-O f5 18. Kb1 Kb8 19. Rd2 f6 20. Rhd1 Bf7 21. b3 1/2-1/2

[Event "CZE Ch playoff"]
[Site "Prague CZE"]
[Date "1994.??.??"]
[Round "1"]
[White "Jansa, Vlastimil"]
[Black "Hracek, Zbynek"]
[Result "1-0"]
[WhiteElo "2515"]
[BlackElo "2510"]
[PlyCount "71"]
[EventDate "1994.06.??"]
[Source "www.chesslib.no"]
[SourceDate "2004.05.04"]

1. e4 c6 2. d4 d5 3. Nd2 dxe4 4. Nxe4 Nf6 5. Nxf6+ gxf6 6. Nf3 Bg4 7. Be2 Qc7 8. O-O Nd7 9. Nh4 Bxe2 10. Qxe2 e6 11. c4 O-O-O 12. g3 Rg8 13. d5 Qe5 14. Qf3 exd5 15. cxd5 Qxd5 16. Qxd5 cxd5 17. Be3 b6 18. Rac1+ Kb7 19. Rfd1 Bc5 20. Nf5 Bxe3 21. Nxe3 d4 22. Rxd4 Ne5 23. Rxd8 Rxd8 24. Rc2 a5 25. Kf1 Nc6 26. a3 Rd7 27. Rc4 Rd2 28. Rh4 Rxb2 29. Rxh7 Ne5 30. h4 Kc6 31. Rh6 Nd7 32. h5 b5 33. Rh8 b4 34. axb4 Rxb4 35. h6 Rb5 36. h7 1-0

[Event "Jakarta"]
[Site "Jakarta"]
[Date "1994.??.??"]
[Round "11"]
[White "Xie Jun"]
[Black "Hracek, Zbynek"]
[Result "1/2-1/2"]
[WhiteElo "2515"]
[BlackElo "2510"]
[PlyCount "83"]
[EventDate "1994.04.??"]
[Source "ChessBase"]

1. e4 c6 2. d4 d5 3. Nd2 dxe4 4. Nxe4 Nf6 5. Nxf6+ gxf6 6. g3 h5 7. Nf3 Bg4 8. Be2 e6 9. Be3 Nd7 10. O-O Qc7 11. c4 O-O-O 12. Re1 Bb4 13. Qa4 Bxe1 14. Rxe1 Kb8 15. Bf4 e5 16. dxe5 Nxe5 17. Nxe5 fxe5 18. Be3 b6 19. Bf1 Bd7 20. Qa3 Rhg8 21. h4 Bc8 22. Bg5 Rde8 23. c5 Re6 24. Qb3 Reg6 25. Be3 b5 26. a4 Be6 27. Qa3 bxa4 28. Qxa4 Rg4 29. Qa3 Rxh4 30. Bg2 Bd5 31. Bxd5 cxd5 32. c6 d4 33. Bg5 Rg4 34. Bf6 Qxc6 35. Bxe5+ Ka8 36. Ra1 a6 37. Qd3 R8g6 38. b4 h4 39. Qa3 Qc3 40. Qa5 Rxg3+ 41. fxg3 Qe3+ 42. Kh1 1/2-1/2

[Event "Oberliga Ost-B 0203"]
[Site "?"]
[Date "2003.01.26"]
[Round "5.1"]
[White "Galdunts Sergey"]
[Black "Jakubiec Artur"]
[Result "1/2-1/2"]
[WhiteElo "2496"]
[BlackElo "2525"]
[PlyCount "55"]
[EventDate "2003.??.??"]
[Source "www.chesslib.no"]
[SourceDate "2004.05.04"]

1. e4 c6 2. d4 d5 3. Nc3 dxe4 4. Nxe4 Nf6 5. Nxf6+ gxf6 6. c3 Nd7 7. g3 Nb6 8. Bg2 Bf5 9. Nf3 Qd7 10. Nh4 Bg4 11. Qc2 O-O-O 12. O-O e5 13. dxe5 fxe5 14. Bg5 Re8 15. f3 Be6 16. Bf6 Rg8 17. Bxe5 Bc5+ 18. Kh1 Nd5 19. Rad1 f6 20. c4 Ne3 21. Rxd7 Bxd7 22. Qxh7 Nxf1 23. Bf4 Rh8 24. Qg7 Rhg8 25. Qh7 Rh8 26. Qg7 Rhg8 27. Qh7 Rh8 28. Qg7 1/2-1/2

[Event "EU-ch43"]
[Site "EU-ch43"]
[Date "1991.??.??"]
[Round "?"]
[White "Antonov, Vitaly Aleks'vich"]
[Black "Demkov, MikhailGrigorievich"]
[Result "1-0"]
[WhiteElo "2550"]
[BlackElo "2470"]
[PlyCount "45"]
[EventDate "1991.??.??"]
[Source "www.chesslib.no"]
[SourceDate "2004.05.04"]

1. e4 c6 2. d4 d5 3. Nd2 dxe4 4. Nxe4 Nf6 5. Nxf6+ gxf6 6. c3 Bf5 7. Nf3 e6 8. g3 Qc7 9. Bg2 Nd7 10. O-O O-O-O 11. b4 Be4 12. Qe2 f5 13. Ng5 Bxg2 14. Kxg2 Nf6 15. Qe5 Qe7 16. Bf4 Kd7 17. b5 Ke8 18. bxc6 bxc6 19. Rab1 Bg7 20. Qa5 Nd5 21. Qa6 Nb6 22. a4 h6 23. Nf3 1-0

[Event "Vrsac"]
[Site "Vrsac"]
[Date "1981.??.??"]
[Round "11"]
[White "Campora, Daniel Hugo"]
[Black "Chandler, Murray G"]
[Result "1/2-1/2"]
[WhiteElo "2490"]
[BlackElo "2530"]
[PlyCount "39"]
[EventDate "1981.09.??"]
[Source "ChessBase"]

1. e4 c6 2. d4 d5 3. Nd2 dxe4 4. Nxe4 Nf6 5. Nxf6+ gxf6 6. c3 Bf5 7. g3 Qd5 8. Nf3 Nd7 9. Bg2 Qc4 10. Qb3 Qxb3 11. axb3 e6 12. b4 Be4 13. O-O Nb6 14. Re1 Bd5 15. Nd2 Bxg2 16. Kxg2 a6 17. Ne4 Be7 18. Bh6 Rg8 19. Kf3 f5 20. Nc5 1/2-1/2

[Event "ESP-chT1"]
[Site "Mondariz Balneario"]
[Date "2002.09.11"]
[Round "3"]
[White "Korneev, Oleg"]
[Black "Gil Capape, Javier"]
[Result "1-0"]
[WhiteElo "2583"]
[BlackElo "2434"]
[PlyCount "85"]
[EventDate "2002.09.04"]
[Source "ChessBase"]
[SourceDate "2002.11.06"]

1. e4 c6 2. d4 d5 3. Nc3 dxe4 4. Nxe4 Nf6 5. Nxf6+ gxf6 6. c3 Bf5 7. Nf3 e6 8. g3 Qd5 9. Bg2 Qc4 10. Bf1 Qd5 11. Bg2 Qc4 12. Be3 Nd7 13. Nh4 Bg6 14. Qd2 O-O-O 15. Nxg6 hxg6 16. b3 Qb5 17. c4 Qh5 18. h3 Bh6 19. O-O Bxe3 20. Qxe3 Kb8 21. b4 e5 22. Rad1 Nb6 23. c5 Nd5 24. Qb3 e4 25. b5 cxb5 26. Bxe4 Qxh3 27. Rfe1 Qh2+ 28. Kf1 Qh3+ 29. Bg2 Qd7 30. Kg1 a6 31. Rb1 Ka7 32. Re2 Qf5 33. a4 Nc3 34. Re7 Rd7 35. Rbe1 Nxa4 36. Qxf7 Rxe7 37. Qxe7 Rb8 38. d5 Qc8 39. c6 Qf8 40. c7 Rc8 41. d6 Nc5 42. Qxf8 Rxf8 43. Rc1 1-0

[Event "Griesheim GM 3rd"]
[Site "Griesheim"]
[Date "2003.01.31"]
[Round "3"]
[White "Kritz, Leonid"]
[Black "Jakubiec, Artur"]
[Result "1/2-1/2"]
[WhiteElo "2484"]
[BlackElo "2532"]
[PlyCount "75"]
[EventDate "2003.01.29"]
[Source "ChessBase"]
[SourceDate "2003.05.26"]

1. e4 c6 2. Nc3 d5 3. Nf3 dxe4 4. Nxe4 Nf6 5. Nxf6+ gxf6 6. d4 Bg4 7. Be2 Qc7 8. Be3 Nd7 9. Qd2 O-O-O 10. O-O-O e6 11. Kb1 Nb6 12. Qa5 Kb8 13. h3 Bf5 14. Nh4 Be4 15. f3 Qg3 16. Qe1 Qxe1 17. Rhxe1 Bg6 18. Nxg6 hxg6 19. c4 Bh6 20. Bf2 Rd7 21. b3 Rhd8 22. Rd3 Nc8 23. Red1 Ne7 24. Kc2 Bf4 25. g4 g5 26. h4 gxh4 27. Bxh4 Ng8 28. Kc3 Kc7 29. b4 b5 30. cxb5 cxb5 31. Kb3 Kb7 32. Rc3 a6 33. Bd3 Rxd4 34. Be4+ Kb8 35. Rxd4 Rxd4 36. Bh7 Ne7 37. Bxf6 Rd7 38. Bxe7 1/2-1/2

[Event "Groningen op"]
[Site "Groningen"]
[Date "1994.??.??"]
[Round "9"]
[White "Sutovsky, Emil"]
[Black "Spangenberg, Hugo"]
[Result "1/2-1/2"]
[WhiteElo "2480"]
[BlackElo "2530"]
[PlyCount "87"]
[EventDate "1994.12.??"]
[Source "ChessBase"]

1. e4 c6 2. d4 d5 3. Nd2 dxe4 4. Nxe4 Nf6 5. Nxf6+ gxf6 6. c3 Bf5 7. Ne2 h5 8. Ng3 Bg4 9. Qb3 Qc7 10. Bc4 Rh7 11. h3 Bc8 12. Nxh5 Nd7 13. Bf4 Qa5 14. Ng3 Nb6 15. Qc2 Rh4 16. b4 Qa4 17. Bb3 Qa6 18. Ne2 Be6 19. O-O Bc4 20. Bg3 Rh8 21. Nf4 e6 22. Rfd1 O-O-O 23. Nd3 Nd5 24. Nb2 Be2 25. Re1 Bh5 26. b5 cxb5 27. c4 Bg6 28. Qc1 bxc4 29. Nxc4 Kd7 30. Ne3 Rc8 31. Qd1 Nxe3 32. Rxe3 Bd6 33. Qg4 Bf5 34. Qg7 Be7 35. d5 e5 36. Rxe5 fxe5 37. d6 Qxd6 38. Rd1 Qxd1+ 39. Bxd1 f6 40. Ba4+ Kd6 41. Qf7 Be6 42. Qg6 Rc3 43. Qe4 Bd5 44. Qb4+ 1/2-1/2

[Event "Santiago Open"]
[Site "Santiago CHI"]
[Date "1995.??.??"]
[Round "?"]
[White "Strikovic, Aleksa"]
[Black "Campora, Daniel H"]
[Result "0-1"]
[WhiteElo "2485"]
[BlackElo "2525"]
[PlyCount "74"]
[EventDate "1995.??.??"]
[Source "www.chesslib.no"]
[SourceDate "2004.05.04"]

1. e4 c6 2. Nc3 d5 3. Nf3 dxe4 4. Nxe4 Nf6 5. Nxf6+ gxf6 6. d4 Bg4 7. Be2 Nd7 8. h3 Bh5 9. O-O Qc7 10. Nh4 Bg6 11. f4 f5 12. d5 cxd5 13. Qxd5 e6 14. Qf3 Bg7 15. Be3 O-O 16. c3 Rad8 17. Qf2 b6 18. Nxg6 hxg6 19. Rad1 Nf6 20. Bf3 Ne4 21. Qc2 Ng3 22. Rf2 Rxd1+ 23. Qxd1 Bh6 24. Qc1 Re8 25. Kh2 Ne4 26. Rf1 Rd8 27. g3 Qc4 28. a3 e5 29. Re1 exf4 30. gxf4 Nd2 31. Kg3 Nxf3 32. Kxf3 Rd3 33. Kf2 Qe4 34. Rd1 Rxd1 35. Qxd1 Bxf4 36. Qd8+ Kg7 37. Qd4+ Be5 0-1